Sports Quiz

Random Sports or NBA Quiz

Dat NBA Quiz #1 Stats

 Plays Quiz not verified by Sporcle

Score 0/20 Timer 04:00
0 Plays Today
% Correct
Kentucky
95.6%
Kobe Bryant
82.2%
Charlotte Hornets
80%
24
77.8%
Joe Dumars
77.8%
1999
77.8%
Russell Westbrook
77.8%
Oklahoma City Thunder
77.8%
10
75.6%
Detroit Pistons
73.3%
% Correct
1951
71.1%
5
71.1%
WillNBAFanz
71.1%
Paul George
68.9%
Gene Melchiorre
66.7%
Elton Brand
64.4%
Sacramento Kings
64.4%
1988
46.7%
Malachi Richardson
46.7%
0
37.8%

You're not logged in!

Compare scores with friends on all Sporcle quizzes.
OR
Log In

Sporcle TV

Today on Sporcle TV


Watch our educational content, quiz creation guides, and fun videos on Sporcle TV.

Show Comments

Extras

Created Sep 9, 2017ReportNominate
Tags:Clickable Quiz, NBA Quiz, dat

Top Quizzes Today


Score Distribution

Your Account Isn't Verified!

In order to create a playlist on Sporcle, you need to verify the email address you used during registration. Go to your Sporcle Settings to finish the process.

Report this User

Report this user for behavior that violates our Community Guidelines.

Details: